000 00641nam a2200193 i 4500
001 40531
003 ES-MaACL
005 20230915201128.0
007 t|
008 030306s1974 sp ||||1| spa d
100 1 _aCarrión, Pascual,
_d1891-1976
_935807
245 1 0 _aEstudios sobre la agricultura española
_b: (1919-1971) /
_cPascual Carrión ; edición de José Luis García Delgado.
260 _a[Madrid] :
_bRevista de Trabajo,
_c[1974]
300 _a474 p. ;
_c20 cm.
650 4 _aAgricultura-
_zEspaña-
_yS.XX.
_9146547
700 1 _aGarcía Delgado, José Luis.
_954528
852 _aES-MaACL
_jL-7042
999 _c40531
_d40531